00732 a2200205 450000500170000000800410001702000150005804000500007304100080012310000270013124500780015826000560023630000420029249000240033465000360035865000350039465000270042965000360045670000340049220180312141958.0140312s2000 sp a gr|||| 000 j spa d a8424185471 aCO-BoUCMbspacJose A. GerenadJose A. Gerena0 aspa1 aCruz-Contarini, Rafael14aLas letras hablancRafael Cruz-Contarini ; ilustrado por Maribel Suárez c2000bEverestaLeón (Castilla y León, España) a[30] páginasbilustraciones a color aMontaña encantada 7aLibros ilustrados para niños  7aLibros y lectura para niños  7aAlfabeto xEnseñanza 7aLiteratura infantil española 1 aSuárez, Maribeleilustrador